000 00501nam a22001817a 4500
005 20251108173012.0
008 250721s1996 xx 000 0 ara d
082 1 4 _a599.9/طبي
100 1 _aطبيشات، محمد عايد
245 1 0 _aالسلوك البيولوجي للإنسان /
250 _aط 3
264 _c1996.
650 1 7 _aالسلوك الإنساني
650 1 7 _aالبيولوجيا
700 1 _aكوفحي، قاسم محمد
942 _2ddc
_cBK
999 _c93771
_d93771